{"text_format":"3","workbook":"xls","n_sheets":2,"sheets":["电竞直播实训设备清单","Sheet1"],"read":"whole","date_system":"1900","formulas":"cached_only"}

{"sheet":"电竞直播实训设备清单","index":0,"n_rows":34,"n_cols":8,"rows_kept":34,"merged":[[1,0,3,0],[5,0,6,0],[11,0,13,0],[14,0,16,0],[17,0,18,0],[19,0,24,0],[25,0,28,0],[29,0,32,0]],"flags":["formulas_cached_only"]}
["器材类型","设备名称","品牌","参数","单位","数量","单价","合计"]
["导控系统","推流主机","群卓定制","I7-14700/4070Ti/1TB/32G 全双工通话系统8路HDMI输入6.5音频输入显示屏控制单元投屏器卡侬音频输入4路输出DP输出监听异地接入直播支持音乐输入，图片输入，视频输入，RTMP推流以及信号拉流，实现异地直播。也可以通过视频通话的方式实现异地直播。多平台同时直播支持同时3路RTMP推流地址直播2路外部输出直播支持无人机接入无人机接入方式有2种1.无人机遥控手柄HDMI直连导播台2.无人机APP推流到流媒体服务器，服务器提供拉流地址给导播台","台",1,350000,350000]
[null,"直播导播系统","群卓定制","利用网络上运行的远程桌面捕获屏幕。非常适合PowerPoint和Skype。音频捕获支持也可用。\n将客人添加到现场演出的简单方法是内置于软件中。允许任何拥有浏览器和网络摄像头的人成为即时客户。\n创建视频延迟输入并将其分配给任何可用的摄像机或输出。保存多个重要事件的视频剪辑，以便以后播放。可配置的慢动作播放从5%到400%。\n音频混合器允许您轻松跟踪所有音频源，包括静音，跟随（自动混音）和延迟任何音源的功能。峰值显示器还包括VU表，以确保每个输入电平都已准备就绪。使用内置EQ,Compressor和Noise Gate效果微调。\n除多视图功能外，包括4个覆盖通道。每个叠加通道都可以有自己的过渡效果，位置和边框。\n实时颜色校正，去隔行，锐化，缩放，旋转，平移和裁剪任何输入。所有效果均在4：4：432位色彩空间中处理，以获得好的视频质量。\n使用不同的“多视图”预设将多个输入组合在一起，或使用可用的“缩放”，“平移”，“旋转”和“裁剪”控件自定义每个元素的位置。\n允许您向任何其他NDI兼容设备发送和接收NDI源。使用NDI在本地网络上传输输出，摄像头，音频和图形。连接到您喜爱的NDI程序或设备。\n总输出通道：1000个、摄像头/NDI输入通道数：1000个、分辨率：4K 4096*2160、叠加通道层数：4、支持2路同时录制、支持推流、支持全屏输出、大屏输出、支持外部输出与采集卡输出、支持字幕制作系统，内置动画标题，记分牌，记分板等、支持GT字幕制作高级版，支持自定义动画标题、支持列表播放、调色，色彩纠正、视频列表、支持8路视频通话、多通道录制、支持2路即时回放、两个外部输出两个全屏输出四个虚拟输出、支持添加脚本编辑、支持云台损像机的控制，推，拉，摇，移等，支持4路SRT输出。\n提供直播导播管理系统软件著作权证书复印件","套",1,50000,50000]
[null,"采集卡","aja KONA HDMI","KONA HDM通过HDMI 2.0可以提供高达60p的独特而强大的单通道K/UltraHD捕获。对于单通道捕获，AJA Control Rocm软件提供了捕获和创建数字媒体以供您选择的编辑或效果包使用的完美方法对于Mac用户，只需将KONA HDM放在ThunderboltT\"机箱中即可与iMac®和MacBookPro?一起使用。","台",2,44500,89000]
["矩阵系统","矩阵主机","MAXCENT 32x32","支持DVI、VGA、CVBS、HDMI、3G-SDI、YPbPr、HDBaseT、光纤等接口输入输入板卡支持DVI、VGA、CVBS、HDMI、3G-SDI、YPbPr、HDBaseT、光纤等接口输出输出板卡640×480~1920×1200@60Hz(VESA标准),480i~1080P@60Hz(HDTV标准),4K*2K@60Hz分辨率支持DVI1.0和HDMI1.4协议，同时支持HDCP协议及EDID管理功能协议标准支持RGB4:4:4、YUV4:4:4、YUV4:2:2及YUV4:2:0色彩空间，支持色域扩展色彩空间10.2Gbps传输带宽25m（数字线缆），30m（模拟线缆），70m（6类屏蔽网线），300m（多模光纤），2Km（单模光纤）传输距离前面板按键，IR红外，RS232串口及LAN局域网等方式控制方式温度：-20℃～+70℃，湿度：10%～90%工作温度、湿度温度：-20℃~+50℃,湿度：10%~80%储存湿度、湿度重量约40Kg功耗350W电源100~260V 50/60HZ安全保证支持双电源冗余热备份功能(选配），支持7X24小时全天候无间断工作","套",1,150000,150000]
["监看系统","监视器","SONYLMD-A240","轻巧纤薄的WUXGA（1920x1200）LMD-A系列监视器具有出色的性价比LMD-A24024英寸LMD-A系列液最监视器提供全高清分辨率，具有轻便、景凑的设计。与索尼之前的型号相比，其重量减轻了12%到22%，厚度缩小了30%，功耗降低了25%以上。LMD-A系列可提供与PVM-A系列OLED图像监视器相同的用户界面设计、轻便特性、功能和可操作性。这种一致性，使得PVM-A和LMD-A系列监视器在同一网络时，可为用户带来很多益处，另外，LMD-A系列监视器为演播室和现场中的广泛用户应用提供了多功能性。这些功能包括直流操作、壁挂安装和轭式安装孔以及可选保护套件（BKM-PL17)。此外，新一代摄像机联销功能（如摄像机和镜头元数据显示以及分屏显示功能）在现场和后期处理过程中可提高工作效率，为用户带来便利。LMD-A240扩展并增强了监视蔬对4K制作、购物颓道、现场及图形应用的支持能力。索尼不断改进LMD-A系列产品。LMD-A240现已实现HDR功能，并能满足HDR制作所需的各种高要求。轻巧纤薄的时尚机身，具有很广的视角坚固且边缘锐利的时尚机架，很适合群组监视，与索尼之前的型号相比，LMD-A系列监视器减少了超出12%到22%的重量，缩小了30%的厚度，降低了超出25%的功耗。它带来了运输和功耗方面的成本节约。还节省了数字艺术馆的空间和重量。HDR制作能力LMD-A240是一种适用于高清HDR和4KHDR制作的质优价康的多功能入门级解决方案。作为一款支持S-Log3（Live HDR)的EOTF的优质高清图像监视器，它能无缝集成到索尼HDR直描制作工作流程中。在支持ITU-RBT.2100（HLG）的同时，LMD-A240还能与索尼提录一体机轻松集成，以实现即时HDR工作流程。它还支持SMPTE ST2084、S-Log3、S-Log2及2.4(HDR），道用于各种视频制作环境。4K制作功能LMD-A240能满足用户在4K系统中配置经济实惠的高清监视小这一需求。该设备支持ITU-RBT.2020色域，并接受四链路2SI3G-SDI信号中的一个。为充分利用其广泛色域，该监视器提供DCI-P3和S-GAMUT/S-GAMUT3/S-GAMUT3.cine设置，以及适当的EOTF，如2.6伽玛、S-Log3及S-Log2.","台",1,30000,30000]
[null,"电视机","索尼K-55XR70","支持多种高规格影音格式，满足多种专业观众需求，通过优秀的音画质技术，让电影成为一场感官的沉浸之旅。DDolbyD4Dolby VisionIMAXdtsxENHANCEDATMOS杜比视界杜比全景声","台",1,11000,11000]
["重播存储系统","资源管理系统","群卓定制","主机2颗6346 128G/2*480G+3*4T/RAID5扩展处理器内存条16/32个DDR4内存插槽，最高3200MT/s本地存储支持多种不同的硬盘配置，硬盘支持热插拔RAID支持可选配支持RAID0、1、10、5、50、6、60等网络支持多种网络扩展能力，支持0CP3.0网卡，可按需选配PCle扩展最多14个PCle4.0扩展槽位GPU最多2块双槽位全高全长异构加速卡电源可配置2个冗余热插拔电源，支持1+1冗余\n1、系统为B/S架构，支持新的HTML5标准，兼容火狐、谷歌等主流浏览器。\n2、学生端可以进行注册认证，参加学习与考试，教学视频，音频，文件学习查看。\n3、教师端可以查看学生学习过的内容与学习分，查看学生考试结果。\n4、管理端可对考试试题进行编辑，考试时间可设置，总分数可设置。管理端可对学生账号，老师账号进行管理。\n5、校园内统一部署，集中数字化管理、资源可共享。支持200用户同时并发、一键审阅、用户中途退出成绩评定、前后台自定义、学生PC和手机端都可以参加学习培训。\n6、系统包含管理端、教师端、学生端三部分。支持学生、教师使用不同的身份登录软件，不同的身份具有不同的操作权限。\n7、系统后台包含功能，有用户管理、试题管理、订制试卷、成绩管理、学习管理、学生评论管理、数据库管理等。\n8、内置资源库模块，教学资源库门类齐全，形式多样包含多媒体、视频、动画、试题试卷、教学课件、音响图书、文献资料等。\n9、学习视频与音频显示文件名与播放时长，学生学习后会有学习分。\n10、以学生为中心开发数字资源，注重用户体验。可上传MP4,word,ppt格式文件。\n11、试卷管理：可以编辑在线考试试卷，有填空题，判断题，单选题，多选题，问答题，老师可以出题并编辑标准答案与每道题的分值，设置考试时间。\n▲12、学生考试完成后有考试成绩并可生成证书。（提供功能截图）\n▲13、试卷可以设置为4种类型，1为人工出题人工打分，2为人工出题自动打分，3为随机出题人工打分，4为随机出题自动打分。（提供功能截图）\n▲14、可以批量导入考题，方便维护管理试题。（提供功能截图）\n▲15、可以批量导入导出用户，如忘记用户密码，老师在后台以可以重置密码。（提供功能截图）\n16、资源检索：为使用者提供资源库中资源的多种检索功能。如课程导航、资源库导航、搜索功能等。方便学习者使用。\n17、教学资源内容数字化管理，方便资源随时更新上传，编辑，维护。\n18、定制教学资源，根据学校教学内容制作不低于教学视频50套，每套教学时长不低于10分种。\n19、提供教学资源管理系统软件著作权证书复印件\n提供以下直播演播视频教学资源\n01.直播演播软件的介绍\n02.怎样添加素材\n03.怎么把有黑边的素材全屏\n04.怎样把视频投放到大屏\n05.怎样播放切换素材关闭素材和让素材循环播放\n06.怎样添加其他类型的素材（图片，照片文件夹，PPT，采集卡，网页，流）\n07.怎样直播推流\n08.怎样给素材添加歌词\n09.抠像功能\n10.怎样为视频添加LOGO\n11.怎样给主题背景添加标题\n12.怎样给视频添加跑马灯文字\n13.怎样给没有声音的视频添加音乐背景\n14.怎样给有声音的视频换音乐背景\n15.怎样在软件里用投影笔控制PPT翻页\n16.视频卡顿的决定因数\n17.怎样设置一屏三素材播放\n18.用网线连接的屏用直播软件播放\n19.怎样用手机或平板电脑控制直播软件\n20.解决视频播放没有声音问题\n21.素材的播放列表循环\n22.素材的触发环路\n23.直接用office无缝播放ppt\n24.素材的从头播放\n25.素材的截取播放\n26.软件的外部输出","套",1,260000,260000]
["实训管理主机","实训管理主机","群卓定制","主机2颗6346 128G/2*480G+3*4T/RAID5扩展处理器内存条16/32个DDR4内存插槽，最高3200MT/s本地存储支持多种不同的硬盘配置，硬盘支持热插拔RAID支持可选配支持RAID0、1、10、5、50、6、60等网络支持多种网络扩展能力，支持0CP3.0网卡，可按需选配PCle扩展最多14个PCle4.0扩展槽位GPU最多2块双槽位全高全长异构加速卡电源可配置2个冗余热插拔电源，支持1+1冗余","台",1,120000,120000]
["电竞直播实训管理系统","电竞直播实训管理系统","群卓定制","电竞直播实训软件支持国产电脑与国产操作系统安装。\n1、系统为B/S架构，支持最新的HTML5标准，兼容火狐、谷歌等主流浏览器。\n2、学生端可以进行注册认证，管理员可对学生账号，老师账号进行管理，可进行账号导入导出。\n3、系统包含管理端、教师端、学生端三部分。支持学生、教师使用不同的身份登录软件，不同的身份具有不同的操作权限。如忘记用户密码，老师在后台以可以重置密码。\n4、支持200用户同时并发、学生PC和手机端H5页面都可以参加实训与学习培训。\n5、系统后台包含功能，有用户管理、试题管理、实训任务管理、学习管理、学生评论管理、留言信息管理、公告管理等。\n6、管理端可对竞赛考试试题进行编辑，考试时间可设置，总分数可设置。实训实战任务进行编辑发布，对教学视频进行编辑。\n7、试卷管理：可以编辑在线考试试卷，有填空题，判断题，单选题，多选题，问答题，老师可以出题并编辑标准答案与每道题的分值，设置考试时间。\n8、试卷可以设置为4种类型，1为人工出题人工打分，2为人工出题自动打分，3为随机出题人工打分，4为随机出题自动打分。（提供功能截图）\n9、可以批量导入考题，方便维护管理试题。\n10、学生考试完成后有考试成绩并可生成证书，证书可下载。\n11、内置资源库模块，资源分为视频资源，音频资源，文件资源。浏览器中直接播放视频，音频。文件以PDF文件直接显示，学生学习后会有学习分。\n12、实训任务发布，老师可以根据自己的要求进行实训任务发布，同时可以发布实训过程要求与参考答案。\n13、学生在前台点击实训任务，可以看到实训标题，实训要求与内容，学生完成实训提交后老师可以点评。教师在进行实训评分时可以参考样例进行对比分析,对实训结果进行评分和点评指导；\n14、学生完成实训任务，老师可以在后台对学生完成的实训任务进行打分，评价。学生在个人页面可以看到自己实训后的评分与评价，完成实训后可以看到参考答案。\n15、通知信息发布，管理员或老师可以在后台发布通知信息，前台所有人可以查看。\n16、学生可以在前台对教学资源进行评论，老师在后台可以看到并管理学生评论与留言。\n17、检索功能：为使用者提供的多种检索功能。如课程导航、资源库导航、搜索功能等。方便学习者使用。\n直播实训任务管理\n一.直播平台运营维护\n1 直播平台选择：对比分析抖音、快手、西瓜、小红书、百家号、企鹅号的平台风格和用户特点，熟知各平台的优缺点。根据企业定位、产品特点、目标用户、 预算，选择合适的平台。\n2 日常内容审核：能根据政策规定、行业规则、市场规范等，建立敏感词库，并持续更新，识别内容中的敏感词或违规内容，保证内容的合规性和可靠性。检查用户留言、评价等，处理负面信息。\n3信息采集管理：淘宝直通车推广数据采集，百度营销搜索推广数据采集，京东快车推广数据采集，抖音巨量算数综合信息采集、分析用户数据，提炼用户标签，绘制用户画像。制定用户运营策略，促进用户活跃、留存和转化。\n二.直播活动运营任务\n1 活动策划任务：根据直播任务要求目标和运营规划，制定活动运营计划。确定活动流程、活动创意、活动推广计划、物料、预算等，编写活动方案。 \n2 活动实施与推广：根据活动方案，通过企业官方渠道、付费渠道、自媒体平台、垂直社群等，进行活动宣传。利用编写直播活动方案，选择合适的时间与直播平台进行活动的传播，实现持续推广。 \n三.数据分析应用： \n1 内容运营复盘：根据内容运营目标和评估体系，提取关键指标数据。对内容数据进行分析，评价内容质量和传播效果。对内容运营结果与预期目标之间的偏差，分析原因，总结经验和不足，提出内容优化建议。 \n2 活动运营复盘：根据活动运营目标和评估体系，提取 关键指标数据。对活动数据分析，发现异常，找出原因，总结经验和不足，提出活动优化建议。 \n3 用户运营复盘：根据用户运营目标和评估体系，基于 用户的属性和行为，提取关键指标数据。对用户数据分析，挖掘用户需求，提炼用户管理的优化建议。 \n提供教学实训管理系统软件著作权证书复印件","套",1,298000,298000]
["电竞直播数据分析实训管理系统","电竞直播数据分析实训管理系统","群卓定制","电竞直播数据分析实训管理系统可根据实训阶段需求组合使用，重点培养学生的数据采集、可视化呈现及商业决策转化能力。\n一、‌综合数据分析工具‌应用实训任务\n功能‌：支持多源数据接入（数据库、Excel等），可生成复杂报表与交互式可视化图表（如热力图、战术路径图），适用于大规模赛事数据统计与战术复盘。\n实训场景‌：学员可模拟分析选手操作频次、团队经济分配等核心指标，生成动态数据看板。\n简道云‌功能‌：集成直播管理、观众行为追踪与赛事数据统计模块，支持自动化流程搭建（如弹幕热点分析、流量波动预警）。\n实训场景‌：结合直播推流数据，训练学员实时监测观众互动峰值与内容优化策略。\n二、‌专业电竞分析软件‌应用实训任务\nScore电竞数据‌功能‌：覆盖DOTA、LOL等主流赛事，提供实时比分、选手历史战绩对比及战术深度解读（如英雄禁用率、地图资源控制分析）。\n实训场景‌：学员可通过“数据对比分析”功能模拟赛事复盘，挖掘选手操作与胜负关联性。\nEsports One‌功能‌：基于AI技术解析比赛录像，识别战术模式（如团战走位、资源争夺节奏），生成可视化战术地图。\n实训场景‌：结合AI预测模型，训练学员制定反制策略与临场决策优化。\nMobalytics‌功能‌：聚焦个人选手数据分析，提供操作评分系统（如补刀效率、技能命中率），支持个性化训练建议生成。\n实训场景‌：用于学员个人能力评估与针对性提升方案设计。\n三、‌直播管理集成工具‌应用实训任务\nLOOKER‌功能‌：支持多平台直播数据聚合（如Twitch、B站），通过BI看板展示观众留存率、打赏行为分层等指标。\n实训场景‌：模拟多平台流量分发策略，优化直播内容与观众黏性。\n四、‌高阶应用实训任务\nFineVis交互仪表盘‌：可联动虚拟演播厅，实时投射赛事数据到直播画面（如经济差曲线、击杀热区）。\n极速电竞数据‌：集成动画直播与赛后录像分析，支持多维度参数对比（如阵容胜率、资源控制时长）。\n五、‌实训课程设计\n基础层‌：使用Score电竞数据、Mobalytics进行单场比赛数据解析与选手能力评估。\n进阶层‌：通过Esports One、FineReport模拟复杂战术推演与团队协作分析。\n实战层‌：结合简道云、LOOKER完成多平台直播数据整合与运营策略优化。","套",1,358000,358000]
["导控系统","音乐播放器","EVERSOLODMP-A8","显示屏6寸LCD触控显示屏内存配置4GDDR4+64GEMMC音频DACAK4191EQ+AK4499EX音频处理器XMOS XU316运放芯片OPA1612高品质、低噪声线性+数字双电源电源支持M.2（NVME PCIE 3.0）接口协议，尺寸：2280，最大支内置硬盘仓持4TB（SSD需额外购买）USB-A接口USB3.0*2有线网络RJ-45(10/100/1000MBPS)WIFI2.4G+5G双频无线网络音乐播放与DAC解码最高支持立体声DSD512、PCM 768KHZ/32BIT网络音乐服务MUSIC、DEEZER、TIDAL、QOBUZ、HIGHRESAUDIO、易云、WEBDAV、UPNP、阿里云、百度云TIDAL CONNECT等网络串流与推送AIR PLAY、 DLNA、","台",1,20000,20000]
[null,"音频声卡","iCON32C","麦克风1/2输入（XLR,平衡）..20 Hz至20 KHz(+/-0.1 dB）频率响应：电压增益范围：....0~70 dB名义输入电量：....-16 dBu至-66 dBu输入电量范围：…….....0~+18 dBu预期源阻抗：..150至200欧姆实际负载阻抗：……1200欧姆乐器1/2输入（6.35mmTS,非平衡）频率响应：.…......20 Hz至20 KHz(+/-0.1 dB)输入阻抗：.…1M欧姆，典型值输入电量范围：..0~+18 dBu","台",1,15000,15000]
[null,"调音台","YAMAHAQL5","输入混音通道64单声道＋8立体声混音母线16矩阵母线8(支持输入到矩阵）立体声母线1单声道11监听模拟输入32模拟输出16MY扩展槽2Dante I/O主/从1 (AES/EBU)数宇输出5 in /5 outGPI宇时钟 I/OYesMIDI I/OIn/Out","台",1,110000,110000]
["收音系统","无线主持人头戴","SHUREMoveMic Two","频率响应50-20kHZ+/-1dB动态范围（加权）100dB等效噪声（A-加权，摄像机输出=线水平）31 dBSPL等效输入噪声（A加权，直接至电话）26 dBSPL最大声压级（SPL）130dBSPL与MV-LAV一起使用时的灵敏度（Mic增益=0dB)-45dBV @94dBSPL (1 Pascal RMS)位深度24 Bit采样率48ksps or44.1ksps（依赖于主机）最小负载阻抗16 ohms最大耳机输出电平26.4mW @1% THD最小负载阻抗-摄像机输出2k ohms最大摄像机输出电平（麦克风设置）-26dBV最大摄像机输出电平（线路设置）-8.3dBV延迟至3.5mm（无NR）15.33 ms (within 1 frame @60fps)延迟至3.5mm（带NR）17.33 ms到USB的延迟：设备依赖于主机设备相关","套",3,8000,24000]
[null,"评论耳机","外星人AW PRO","50mm石墨烯驱动单元杜比全景声清晰精准如临现场混合ANC主动降噪无惧外界干扰A|智能降噪麦克风AI神经网络技术加持说得清听得准 Hi-Res认证高解析音频 约315g超轻量舒适设计赢得毫无压力超长续航战斗持久在线","只",3,7500,22500]
[null,"对讲机","MOTOXIR-C1200","·可靠耐用·DMR制式·港警信令·蛙鸣基础参数·电池容量：1750mAh·通讯距离：1-6公里·续航时间：14小时左右","只",8,1800,14400]
["监听系统","监听音箱","YAMAHAHS5","配备5“锥形低音单元和1”半球形高音单元54Hz-30kHz频率响应45WLF以及25WHF双功放系统，高性能70W功率放大能力ROOM CONTROL（房间控制）和HIGH TRIM（高频切除）响应控制器XLR和TRSphone型输入口，可接受平衡和非平衡信号","只",2,2900,5800]
[null,"监听耳机","铁三角 A1000Z","类别密闭动圈型驱动单元线轴绕制OFC-7N音圈单元直径53 mm外売高刚度铝频率响应5 ~ 43,000Hz输入功率2,000mW灵敏度101 dB/mW阻抗44 Q265克重量06.3/03.5mm镀金立体声插头插头CF独立接地四芯连接线导线3米OFC-6N+","支",3,4000,12000]
["配件","UPS","山特C3K 3KV/2400W","标机，加配30分钟延时电池","台",1,10000,10000]
[null,"机柜","24U","24U","台",1,3500,3500]
[null,"交换机","华为S6735S-S24X6C-A","交换容量2.56 Tbps/25.6 Tbps包转发率1260Mpps48个万兆SFP+端口固定端6个40/100GE QSFP28端口机箱高度1U机箱尺寸442×420×436(mm)整机重量10.06 kg（含包材）600WAC电源电源类型1000WDC电源","台",1,18000,18000]
[null,"视频分配器","MAXCENT MHP-4K0832","支持DVI、VGA、CVBS、HDMI、3G-SDI、YPbPr、HDBaseT、光纤等接口输入输入板卡支持DVI、VGA、CVBS、HDMI、3G-SDI、YPbPr、HDBaseT、光纤等接口输出输出板卡640×480~1920×1200@60Hz(VESA标准),480i~1080P@60Hz(HDTV标准),4K*2K@60Hz分辨率支持DVI1.0和HDMI1.4协议，同时支持HDCP协议及EDID管理功能协议标准支持RGB4:4:4、YUV4:4:4、YUV4:2:2及YUV4:2:0色彩空间，支持色域扩展色彩空间10.2Gbps传输带宽25m（数字线缆），30m（模拟线缆），70m（6类屏蔽网线），300m（多模光纤），2Km（单模光纤）传输距离前面板按键，IR红外，RS232串口及LAN局域网等方式控制方式温度：-20℃～+70℃，湿度：10%～90%工作温度、湿度温度：-20℃~+50℃,湿度：10%~80%储存湿度、湿度重量约40Kg功耗350W电源100~260V 50/60HZ安全保证支持双电源冗余热备份功能(选配），支持7X24小时全天候无间断工作","台",1,156000,156000]
[null,"音频分配器","JQAUDIO MLS1213a","广播级音频话筒信号分配隔离器12进36出分配","台",1,78000,78000]
[null,"摄像机","SONY","摄像机控制单元的 12G-SDI 和四个 3G-SDI 接口输出 4K 信号，3G-SDI 信号的格式范围高达 1080/50p。如此一来，您可从制作便利中受益，观众也能享受到更优质的图像质量。含卡，包，三脚架等","套",6,90000,540000]
["选手系统","台式机","群卓定制","I9-13代/5080/512G SSD/1T/64G","台",6,45000,270000]
[null,"显示器","三星S27DG602SC","分辨率：2560*1440对比度：1000000:1类型：直面屏响应时间：0.03ms屏幕刷新率：360Hz接口：DP，HDMI，USB扩展/充电，音频/耳机输出售后服务：3年质保面板：OLEDHDR：HDR10特性：升降底座，旋转升降底座，FreeSync曲率：平面","台",6,6500,39000]
[null,"选手耳机","外星人AW PRO","50mm石墨烯驱动单元杜比全景声清晰精准如临现场混合ANC主动降噪无惧外界干扰A|智能降噪麦克风AI神经网络技术加持说得清听得准 Hi-Res认证高解析音频 约315g超轻量舒适设计赢得毫无压力超长续航战斗持久在线","支",6,3500,21000]
[null,"电竞桌椅","群卓定制","电竞直播实训桌椅","套",6,3500,21000]
["其它","主持人桌椅柜子","群卓定制","2米桌椅柜子","套",1,4000,4000]
[null,"评论区桌椅","群卓定制","电竞直播实训室评论区桌椅","套",6,1500,9000]
[null,"连接线材辅材","群卓定制","8K高清HDMI线、音频线","根",20,9000,180000]
[null,"展示板，展示墙","群卓定制","展示板，展示墙","套",1,30000,30000]
["合计",{"$nulls":6},3319200]

{"sheet":"Sheet1","index":1,"n_rows":0,"n_cols":0,"rows_kept":0,"flags":["formulas_cached_only"]}